000 00420nam a2200157Ia 4500
008 230917s9999||||xx |||||||||||||| ||und||
040 _e162041
_aMAIN
041 _aEnglish
082 _a910.0182 R631S(3)
100 _aRogerson, Peter A
245 0 _aStatistical methods for Geography: A student's guide
250 _a3rd ed.
260 _aLondon
_bSage Publications
_c2010
300 _axvii, 348 p.
942 _cBK
999 _c150641
_d150641